Účtovná závierka k 31.12. 2016 v sústave jednoduchého účtovníctva

Kontrola správnosti vedenia účtovníctva. Inventarizácia majetku a záväzkov. Prepočet cudzej meny na eurá ku dňu, ku ktorému sa zostavuje účtovná závierka. Zaučtovanie uzavierkových účtovných operácií. Ilustračné príklady.

Salvato in:
Dettagli Bibliografici
Autore principale: Gášpárová, Eva
Natura: Capitolo di libro
Lingua:slovacco
Soggetti:
Tags: Aggiungi Tag
Nessun Tag, puoi essere il primo ad aggiungerne!!

MARC

LEADER 00000naa a2200000 4500
001 0226655
005 20170201122655.2
041 0 |a slo 
044 |a SK 
245 1 0 |a Účtovná závierka k 31.12. 2016 v sústave jednoduchého účtovníctva  |c Eva Gášpárová 
520 |a Kontrola správnosti vedenia účtovníctva. Inventarizácia majetku a záväzkov. Prepočet cudzej meny na eurá ku dňu, ku ktorému sa zostavuje účtovná závierka. Zaučtovanie uzavierkových účtovných operácií. Ilustračné príklady. 
610 2 0 |a pravidlá účtovné 
610 2 0 |a závierka účtovná 
610 2 0 |a vedenie účtovníctva 
610 2 0 |a účtovníctvo jednoduché 
100 1 |a Gášpárová, Eva